[Event "2nd ch-EUR Women"]
[Site "Warsaw POL"]
[Date "2001.04.27"]
[EventDate "2001.04.22"]
[Round "6"]
[Result "1-0"]
[White "Antoaneta Stefanova"]
[Black "Elisabeth Paehtz"]
[WhiteElo "2473"]
[BlackElo "2358"]
[PlyCount "137"]

1. Nf3 Nf6 2. g3 d5 3. Bg2 c5 4. d4 cxd4 5. O-O Nc6 6. Nxd4 e6
7. c4 Bc5 8. Nb3 Be7 9. cxd5 Nxd5 10. Nc3 Nxc3 11. Qxd8+ Nxd8
12. bxc3 Bd7 13. Na5 Rc8 14. Nxb7 Nxb7 15. Bxb7 Rxc3 16. Bb2
Rc7 17. Bf3 f6 18. Rfc1 Rxc1+ 19. Rxc1 Bd6 20. Bd4 a5 21. Rb1
Ke7 22. Be4 h6 23. Rb7 Rc8 24. Bd3 Rc7 25. Rb1 Bb4 26. f4 Bc6
27. Rc1 Kd6 28. e4 e5 29. fxe5+ fxe5 30. Bb6 Rb7 31. Be3 Rf7
32. Kg2 Rd7 33. Kf2 Rf7+ 34. Kg2 Rd7 35. h4 Bb7 36. Bb1 Ke6
37. Bc2 Ke7 38. Kf3 Rd8 39. Bb1 Rd7 40. Bc5+ Ke6 41. a3 Bd2
42. Rd1 Bc6 43. h5 Kf6 44. Bc2 Bg5 45. Rf1 Bb5 46. Rb1 Bc4
47. Rb6+ Kf7 48. Bd6 Bd8 49. Rc6 Bb5 50. Bb3+ Kf6 51. Bxe5+
Kxe5 52. Rc5+ Kd4 53. Rxb5 Bc7 54. Bd5 Bd8 55. Be6 Rd6 56. Bf5
Kc4 57. a4 Rd3+ 58. Kf4 Ra3 59. Be6+ Kc3 60. Rc5+ Kb2 61. Bd7
Rd3 62. Bb5 Bg5+ 63. Kg4 Rd4 64. Kf5 Rd8 65. e5 Rf8+ 66. Ke4
Rf2 67. e6 Rf6 68. Re5 Rf2 69. Rxg5 1-0

[Event "2nd ch-EUR Women"]
[Site "Warsaw POL"]
[Date "2001.04.29"]
[EventDate "2001.04.22"]
[Round "7"]
[Result "1/2-1/2"]
[White "Elena Sedina"]
[Black "Antoaneta Stefanova"]
[WhiteElo "2393"]
[BlackElo "2473"]
[PlyCount "60"]

1. e4 d5 2. exd5 Nf6 3. Bb5+ Bd7 4. Be2 Nxd5 5. d4 Bf5 6. Nf3
e6 7. O-O Be7 8. a3 O-O 9. c4 Nb6 10. Nc3 Nc6 11. h3 Bf6
12. Be3 Qd7 13. Rc1 Rfd8 14. c5 Nd5 15. Bb5 a6 16. Ba4 b5
17. cxb6 Nxb6 18. Nd5 Nxa4 19. Nxf6+ gxf6 20. Qxa4 Ne7 21. Qc4
c6 22. Qe2 Kh8 23. Nh4 Be4 24. Qg4 f5 25. Qg5 Ng6 26. Rfd1 f6
27. Qh5 Qg7 28. g4 fxg4 29. hxg4 Ra7 30. Rd2 Bf3 1/2-1/2

[Event "2nd ch-EUR Women"]
[Site "Warsaw POL"]
[Date "2001.04.30"]
[EventDate "2001.04.22"]
[Round "8"]
[Result "1/2-1/2"]
[White "Genrieta Lagvilava"]
[Black "Antoaneta Stefanova"]
[WhiteElo "2299"]
[BlackElo "2473"]
[PlyCount "106"]

1. e4 e5 2. Nf3 Nc6 3. Nc3 Nf6 4. d4 exd4 5. Nxd4 Bc5 6. Nxc6
bxc6 7. Bd3 d6 8. Bg5 h6 9. Bh4 Qe7 10. O-O g5 11. Bg3 Kf8
12. Kh1 h5 13. f3 h4 14. Bf2 Bxf2 15. Rxf2 Nh5 16. Ne2 Qe5
17. c3 c5 18. Bc4 Be6 19. Bxe6 fxe6 20. b4 Ke7 21. bxc5 dxc5
22. Qd2 Rab8 23. Kg1 Rhd8 24. Qc2 Rb6 25. Raf1 Nf6 26. Nc1
Rbd6 27. Nb3 Nh5 28. Na5 Qf4 29. e5 Ra6 30. Nb3 Rd5 31. Re1 c4
32. Nd4 Qf7 33. Qb2 Kf8 34. Qb4+ Kg7 35. Qxc4 Rb6 36. Rd2 Nf4
37. g3 c5 38. gxf4 cxd4 39. Rxd4 Rxd4 40. Qxd4 Qxf4 41. Qxf4
gxf4 42. Re4 Rb1+ 43. Kg2 Rb2+ 44. Kh3 Rxa2 45. Rxf4 Re2
46. Ra4 Rxe5 47. Rxa7+ Kg6 48. Kxh4 Re3 49. Kg4 Rxc3 50. h4
Rc4+ 51. Kg3 Rc5 52. Kg4 Rc4+ 53. Kg3 Rc5 1/2-1/2

[Event "2nd ch-EUR Women"]
[Site "Warsaw POL"]
[Date "2001.05.01"]
[EventDate "2001.04.22"]
[Round "9"]
[Result "1-0"]
[White "Antoaneta Stefanova"]
[Black "Monica Calzetta Ruiz"]
[WhiteElo "2473"]
[BlackElo "2310"]
[PlyCount "39"]

1. Nf3 c5 2. c4 g6 3. Nc3 Bg7 4. g3 Nc6 5. Bg2 e6 6. d4 Nxd4
7. Nxd4 cxd4 8. Nb5 Qb6 9. Qa4 Nh6 10. Bf4 O-O 11. Bc7 Qc5
12. Bd6 Qh5 13. Bf3 Qh3 14. Bxf8 Bxf8 15. Nc7 Rb8 16. Qxa7
Bb4+ 17. Kd1 Ng4 18. Qxd4 f5 19. Qb6 Kf8 20. Qa7 1-0

[Event "Andorra"]
[Site "Andorra AND"]
[Date "2001.07.01"]
[EventDate "2001.06.30"]
[Round "2"]
[Result "0-1"]
[White "Jorge De la Riva Aguado"]
[Black "Antoaneta Stefanova"]
[WhiteElo "2282"]
[BlackElo "2473"]
[PlyCount "58"]

1. e4 e5 2. Nf3 Nc6 3. Bb5 a6 4. Ba4 Nf6 5. d3 b5 6. Bb3 Bc5
7. Nc3 h6 8. a4 b4 9. Nd5 Na5 10. Ba2 d6 11. Ne3 O-O 12. O-O
Rb8 13. Bd2 Be6 14. Bb1 d5 15. exd5 Nxd5 16. Nc4 Nxc4 17. dxc4
Nb6 18. c3 Nxc4 19. Qc2 f5 20. Bc1 b3 21. Qe2 e4 22. Rd1 Qf6
23. Nd4 Bf7 24. a5 Rfd8 25. Ra4 Bxd4 26. cxd4 Rxd4 27. Rxd4
Qxd4 28. g4 Rd8 29. Kg2 Qd1 0-1

[Event "Andorra"]
[Site "Andorra AND"]
[Date "2001.07.02"]
[EventDate "2001.06.30"]
[Round "3"]
[Result "1-0"]
[White "Antoaneta Stefanova"]
[Black "Javier Moreno Ruiz"]
[WhiteElo "2473"]
[BlackElo "2408"]
[PlyCount "107"]

1. d4 Nf6 2. Bg5 Ne4 3. Bf4 c5 4. d5 Qb6 5. Bc1 e6 6. f3 Nf6
7. c4 exd5 8. cxd5 c4 9. e3 Bc5 10. Kf2 O-O 11. Bxc4 d6
12. Nc3 Re8 13. Qd3 Nbd7 14. Na4 Qa5 15. Nxc5 Nxc5 16. Qd1 b5
17. Be2 Bb7 18. Nh3 Nxd5 19. Re1 b4 20. Bc4 Nf6 21. Kg1 d5
22. Bf1 Ba6 23. Nf2 Bxf1 24. Rxf1 Qb5 25. b3 Ncd7 26. Qd2 Qb6
27. Nd1 Rac8 28. Bb2 a5 29. Bd4 Qc6 30. Nf2 Qc2 31. Qxc2 Rxc2
32. Nd3 Rec8 33. a3 Rd2 34. Rfd1 Rcc2 35. Rxd2 Rxd2 36. Ne1
bxa3 37. Rxa3 Rd1 38. Bc3 Rb1 39. Bxa5 h6 40. Kf2 Nc5 41. b4
Nb7 42. Nd3 Nd6 43. Bb6 Nc4 44. Ra8+ Kh7 45. Bd4 Rd1 46. Nf4
g5 47. Ne2 Nd7 48. Rh8+ Kg6 49. Rg8+ Kf5 50. Ng3+ Ke6 51. Re8+
Kd6 52. Nf5+ Kc7 53. Nxh6 f6 54. Re7 1-0

[Event "Andorra"]
[Site "Andorra AND"]
[Date "2001.07.04"]
[EventDate "2001.06.30"]
[Round "5"]
[Result "1/2-1/2"]
[White "Lev Psakhis"]
[Black "Antoaneta Stefanova"]
[WhiteElo "2575"]
[BlackElo "2473"]
[PlyCount "39"]

1. e4 e5 2. Nf3 Nc6 3. Bc4 Nf6 4. d3 Be7 5. Bb3 O-O 6. O-O h6
7. h3 d6 8. c3 Re8 9. Re1 Bf8 10. Nbd2 g6 11. Nf1 Bg7 12. Ng3
Na5 13. Ba4 Bd7 14. d4 Bxa4 15. Qxa4 c6 16. c4 exd4 17. Bd2 b6
18. Bxa5 bxa5 19. Qxc6 Rc8 20. Qa4 1/2-1/2

[Event "Andorra"]
[Site "Andorra AND"]
[Date "2001.07.05"]
[EventDate "2001.06.30"]
[Round "6"]
[Result "1-0"]
[White "Antoaneta Stefanova"]
[Black "Florian Handke"]
[WhiteElo "2473"]
[BlackElo "2405"]
[PlyCount "77"]

1. d4 Nf6 2. Bg5 Ne4 3. Bf4 c5 4. f3 Qa5+ 5. c3 Nf6 6. Nd2
cxd4 7. Nb3 Qb6 8. Qxd4 Nc6 9. Qxb6 axb6 10. Be3 b5 11. Nd4
Nxd4 12. Bxd4 d6 13. e4 Bd7 14. Bd3 e5 15. Bf2 Be7 16. Ne2 Bc6
17. O-O Nd7 18. Ng3 g6 19. Rfd1 h5 20. Nf1 Nc5 21. Bc2 Ne6
22. Ne3 h4 23. Nd5 h3 24. g3 Ng5 25. f4 Ne6 26. f5 gxf5
27. exf5 Ng5 28. f6 Bxd5 29. Rxd5 Bxf6 30. Rxd6 Be7 31. Rd5 b4
32. cxb4 Rc8 33. Bf5 Rc4 34. a3 e4 35. Bd7+ Kf8 36. Ba4 Rh5
37. Kh1 Rh6 38. Be3 Ra6 39. Bb5 1-0

[Event "Andorra"]
[Site "Andorra AND"]
[Date "2001.07.06"]
[EventDate "2001.06.30"]
[Round "7"]
[Result "0-1"]
[White "Vadim Milov"]
[Black "Antoaneta Stefanova"]
[WhiteElo "2605"]
[BlackElo "2473"]
[PlyCount "72"]

1. c4 c6 2. Nf3 d5 3. e3 Nf6 4. Nc3 g6 5. d4 Bg7 6. Be2 O-O
7. O-O a6 8. b4 dxc4 9. Bxc4 b5 10. Bb3 Nd5 11. Nxd5 cxd5
12. a4 bxa4 13. Bxa4 Bd7 14. Qb3 e6 15. Bd2 Ra7 16. Rfc1 Qb6
17. Rc5 Rd8 18. Bc3 Bf8 19. Ne5 Bxa4 20. Qxa4 Rb7 21. Qd1 Qd6
22. h4 Nd7 23. Rc6 Qe7 24. Nf3 Qe8 25. Rc5 Nxc5 26. dxc5 Bg7
27. Bxg7 Kxg7 28. Qd4+ f6 29. Rxa6 e5 30. Qc3 Qb5 31. Rxf6 d4
32. exd4 Kxf6 33. Ng5 Rxd4 34. Qf3+ Rf4 35. Qb3 Qc4 36. Qa4
Qc1+ 0-1

[Event "Andorra"]
[Site "Andorra AND"]
[Date "2001.07.07"]
[EventDate "2001.06.30"]
[Round "8"]
[Result "1/2-1/2"]
[White "Boris Avrukh"]
[Black "Antoaneta Stefanova"]
[WhiteElo "2600"]
[BlackElo "2473"]
[PlyCount "55"]

1. d4 d5 2. c4 c6 3. Nc3 Nf6 4. e3 g6 5. Nf3 Bg7 6. Be2 O-O
7. O-O a6 8. a4 a5 9. cxd5 cxd5 10. Qb3 Nc6 11. Ne5 Nb4
12. Bd2 Bf5 13. Rac1 Nd7 14. Nxd7 Qxd7 15. Nb5 Nc6 16. Rc5
Rfd8 17. Bf3 e6 18. Nc3 Nb4 19. Nb5 Nc6 20. Be2 e5 21. dxe5
Bxe5 22. Bc3 Bxc3 23. Qxc3 d4 24. exd4 Nxd4 25. Bc4 b6 26. Rc7
Nxb5 27. Bxb5 Qd4 28. h3 1/2-1/2

[Event "Nordic Championships"]
[Site "Bergen NOR"]
[Date "2001.08.04"]
[EventDate "2001.08.04"]
[Round "1"]
[Result "1/2-1/2"]
[White "Petter Stokstad"]
[Black "Antoaneta Stefanova"]
[WhiteElo "2195"]
[BlackElo "2459"]
[PlyCount "141"]

1. d4 d5 2. c4 c6 3. Nf3 Nf6 4. Nc3 a6 5. cxd5 cxd5 6. Bf4 Nc6
7. e3 Bg4 8. Rc1 e6 9. Bd3 Be7 10. O-O O-O 11. h3 Bh5 12. a3
Na5 13. g4 Bg6 14. Ne5 Bxd3 15. Qxd3 b5 16. a4 b4 17. Ne2 Qe8
18. b3 Ne4 19. Rc2 f6 20. Nf3 f5 21. Ne5 Ng5 22. Kg2 Nf7
23. Rfc1 Nxe5 24. Bxe5 fxg4 25. hxg4 Qf7 26. f4 Qg6 27. Qxg6
hxg6 28. Rc7 Rfe8 29. Rd7 Bf8 30. Rcc7 Rad8 31. Rxd8 Rxd8
32. Nc1 Re8 33. Kf3 Re7 34. Rxe7 Bxe7 35. Bc7 Nb7 36. Nd3 Kf7
37. Ne5+ Ke8 38. Nxg6 Bd8 39. Bxd8 Kxd8 40. Ne5 Na5 41. Nd3
Nxb3 42. Nxb4 a5 43. Nd3 Nd2+ 44. Ke2 Nc4 45. Nc5 Ke7 46. e4
dxe4 47. Nxe4 Nb2 48. Nc3 Kf6 49. Kf3 Nc4 50. Ne4+ Ke7 51. f5
exf5 52. gxf5 Kd7 53. Kf4 Kc6 54. Nc3 Kd6 55. Ke4 Nd2+ 56. Kd3
Nf3 57. Nb5+ Kd5 58. Nc7+ Kd6 59. Nb5+ Kd5 60. Nc3+ Kd6
61. Ke3 Nh4 62. Ke4 g6 63. f6 Ke6 64. Nd5 Nf5 65. Nf4+ Kxf6
66. Nxg6 Kxg6 67. Kd5 Kf6 68. Kc5 Ke6 69. Kb5 Nxd4+ 70. Kxa5
Kd5 71. Kb6 1/2-1/2

[Event "Nordic Championships"]
[Site "Bergen NOR"]
[Date "2001.08.05"]
[EventDate "2001.08.04"]
[Round "2"]
[Result "1-0"]
[White "Antoaneta Stefanova"]
[Black "Detlef Pluemer"]
[WhiteElo "2459"]
[BlackElo "2168"]
[PlyCount "99"]

1. Nf3 Nf6 2. g3 b6 3. Bg2 Bb7 4. O-O e6 5. c4 Be7 6. d4 O-O
7. d5 exd5 8. Nh4 c6 9. cxd5 Nxd5 10. Nf5 Nc7 11. e4 d5
12. Nc3 Nba6 13. Bf4 d4 14. Nxd4 Ne6 15. Nxe6 fxe6 16. Qg4 Qc8
17. Rad1 Bb4 18. Be5 Rf7 19. Ne2 Bf8 20. Nf4 Nc5 21. Bd4 e5
22. Qxc8 Rxc8 23. Bxe5 Re8 24. Bd4 Nxe4 25. Rfe1 c5 26. Be3
Nf6 27. Bf1 Ng4 28. Bc4 Ne5 29. Bxf7+ Kxf7 30. Kf1 Nf3
31. Rd7+ Re7 32. Rxe7+ Bxe7 33. Rd1 Nxh2+ 34. Ke1 Nf3+ 35. Ke2
Ne5 36. Nd5 Ba6+ 37. Kd2 Bf8 38. Kc2 g6 39. Bf4 Nf3 40. Nc7
Bc8 41. Nb5 Bg4 42. Rd8 Be7 43. Ra8 g5 44. Bc7 h5 45. Rxa7 Ke6
46. Rb7 h4 47. gxh4 gxh4 48. Rxb6+ Kd7 49. Bf4 Ng5 50. Rb7+
1-0

[Event "Nordic Championships"]
[Site "Bergen NOR"]
[Date "2001.08.06"]
[EventDate "2001.08.04"]
[Round "3"]
[Result "1-0"]
[White "Jesper Morch Lauridsen"]
[Black "Antoaneta Stefanova"]
[WhiteElo "2223"]
[BlackElo "2459"]
[PlyCount "129"]

1. e4 e5 2. Nf3 Nc6 3. Bb5 a6 4. Ba4 Nf6 5. O-O b5 6. Bb3 Bb7
7. d4 Nxd4 8. Bxf7+ Kxf7 9. Nxe5+ Kg8 10. Qxd4 c5 11. Qd1 d6
12. Ng4 Nxe4 13. a4 h5 14. Ne3 d5 15. axb5 d4 16. Nc4 axb5
17. Rxa8 Bxa8 18. Ncd2 Ng5 19. f4 Qd5 20. Qe2 Ne6 21. Nf3 Bd6
22. f5 Nc7 23. Nh4 Qe4 24. Qf2 Qe5 25. Bf4 Qxf4 26. Qxf4 Bxf4
27. Rxf4 Kf7 28. Nd2 Re8 29. Nb3 Nd5 30. Rf1 Ne3 31. Ra1 Nxc2
32. Ra7+ Kg8 33. Nxc5 Bd5 34. f6 gxf6 35. Nf5 Ne3 36. Nxd4 Ng4
37. Ra1 Rc8 38. b4 Re8 39. h3 Nh6 40. Kf2 Bc4 41. Ra7 Rd8
42. Ke3 Nf7 43. Ne4 Kg7 44. Ra6 Nh6 45. Nxf6 h4 46. Nh5+ Kh7
47. Ra7+ Bf7 48. Rb7 Re8+ 49. Kf4 Rf8 50. Kg5 Rg8+ 51. Kxh4
Rxg2 52. Nf6+ Kg6 53. Ng4 Nxg4 54. hxg4 Bc4 55. Rb6+ Kg7
56. Kg5 Rb2 57. Rb7+ Kg8 58. Kf6 Rxb4 59. Nc6 Ra4 60. Ne7+ Kh7
61. Ng6+ Kh6 62. Nf4 Ra6+ 63. Kf5 Bd3+ 64. Nxd3 Rg6 65. Ne5
1-0

[Event "Nordic Championships"]
[Site "Bergen NOR"]
[Date "2001.08.07"]
[EventDate "2001.08.04"]
[Round "4"]
[Result "1-0"]
[White "Antoaneta Stefanova"]
[Black "Dennis Wallin"]
[WhiteElo "2459"]
[BlackElo "2192"]
[PlyCount "95"]

1. d4 c5 2. d5 e5 3. e4 d6 4. f4 Nd7 5. Nf3 Qe7 6. Nc3 a6
7. a4 g6 8. fxe5 Nxe5 9. Nxe5 Qxe5 10. Bd3 Bh6 11. O-O Bxc1
12. Rxc1 h5 13. Qf3 Nh6 14. h3 Bd7 15. Qf6 Qxf6 16. Rxf6 Ke7
17. Rcf1 Bf5 18. exf5 Kxf6 19. fxg6+ Kg7 20. Ne4 fxg6 21. Nxd6
Rhd8 22. Nxb7 Rxd5 23. Re1 Kf6 24. Be4 Rd4 25. Nxc5 Rc8 26. c3
Rd2 27. b4 Re8 28. Ra1 Nf5 29. Bc6 Re3 30. Ne4+ Rxe4 31. Bxe4
Nd6 32. Bf3 Rc2 33. Rd1 Nc4 34. Rd3 Ke5 35. a5 Kf4 36. Kh2 Ne5
37. Rd4+ Kg5 38. Bb7 h4 39. Kg1 Rxc3 40. Bxa6 Nc6 41. Rg4+ Kf5
42. Rxh4 g5 43. Rc4 Rxc4 44. Bxc4 Nxb4 45. Bb5 Kf4 46. a6 Nxa6
47. Bxa6 g4 48. h4 1-0

[Event "Nordic Championships"]
[Site "Bergen NOR"]
[Date "2001.08.08"]
[EventDate "2001.08.04"]
[Round "5"]
[Result "0-1"]
[White "Jon Eriksson"]
[Black "Antoaneta Stefanova"]
[WhiteElo "2245"]
[BlackElo "2459"]
[PlyCount "78"]

1. c4 e5 2. Nc3 Nc6 3. Nf3 f5 4. d4 e4 5. Ne5 Nxe5 6. dxe5 c6
7. g4 Qh4 8. gxf5 Bc5 9. e3 d6 10. Bd2 Nh6 11. Rg1 Bxf5 12. b4
O-O 13. Qb3 Bg4 14. Nxe4 Qxh2 15. Rxg4 Nxg4 16. O-O-O Qxe5
17. Bd3 Nxf2 18. Nxf2 Rxf2 19. bxc5 dxc5 20. Kb1 Rd8 21. Ba5
b6 22. Be1 Rff8 23. Bh4 Rd6 24. Qc2 Rh6 25. Be1 Rh2 26. Qc3
Qh5 27. Bc2 Qg4 28. Qd3 Rh1 29. Kb2 Qh5 30. Qe4 Qh6 31. Bc3
Rxd1 32. Bxd1 Qg6 33. Qe5 h6 34. Bc2 Rf2 35. e4 h5 36. Kb3 a5
37. a4 Qg2 38. Qe8+ Rf8 39. Qxh5 Rf3 0-1

[Event "Nordic Championships"]
[Site "Bergen NOR"]
[Date "2001.08.09"]
[EventDate "2001.08.04"]
[Round "6"]
[Result "1/2-1/2"]
[White "Antoaneta Stefanova"]
[Black "John Arni Nilssen"]
[WhiteElo "2459"]
[BlackElo "2333"]
[PlyCount "67"]

1. Nf3 Nf6 2. g3 c5 3. Bg2 d5 4. d4 e6 5. c4 Nc6 6. cxd5 exd5
7. O-O Be7 8. dxc5 Bxc5 9. Bg5 O-O 10. Nc3 d4 11. Bxf6 Qxf6
12. Ne4 Qe7 13. Nxc5 Qxc5 14. Rc1 Qb6 15. Qc2 h6 16. a3 Bg4
17. b4 a5 18. Qc5 Qxc5 19. Rxc5 axb4 20. axb4 d3 21. exd3 Nxb4
22. d4 Rad8 23. Ne5 Rxd4 24. Nxg4 Rxg4 25. f4 Rg6 26. Rb5 Nc6
27. Rxb7 Rd8 28. Rc1 Nd4 29. Rcc7 Rf6 30. Rd7 Rxd7 31. Rxd7
Ne6 32. Bd5 Nf8 33. Ra7 g5 34. fxg5 1/2-1/2

[Event "Nordic Championships"]
[Site "Bergen NOR"]
[Date "2001.08.10"]
[EventDate "2001.08.04"]
[Round "7"]
[Result "0-1"]
[White "Kristian Trygstad"]
[Black "Antoaneta Stefanova"]
[WhiteElo "2323"]
[BlackElo "2459"]
[PlyCount "64"]

1. e4 e5 2. Bc4 Nf6 3. d3 Nc6 4. Nc3 Bb4 5. Nf3 d5 6. exd5
Nxd5 7. O-O Bxc3 8. bxc3 Bg4 9. Bd2 O-O 10. Qe2 Nb6 11. Bb3
Qf6 12. Qe4 Bxf3 13. Qxf3 Qxf3 14. gxf3 Rad8 15. Be3 Nd5
16. Bxd5 Rxd5 17. f4 Re8 18. Rfb1 b6 19. c4 Rd6 20. fxe5 Nxe5
21. Bf4 g5 22. c5 Rc6 23. Be3 Ng4 24. cxb6 axb6 25. Bxg5 Rg6
26. Bf4 Ne3+ 27. Kh1 Nxc2 28. Bxc7 Nxa1 29. Rxa1 Re2 30. Rg1
Rxg1+ 31. Kxg1 b5 32. a3 Rd2 0-1

[Event "Lisbon"]
[Site "Lisbon POR"]
[Date "2001.08.21"]
[EventDate "2001.08.21"]
[Round "1"]
[Result "1/2-1/2"]
[White "Antoaneta Stefanova"]
[Black "Francisco Jose dos Santos Neto"]
[WhiteElo "2459"]
[BlackElo "2238"]
[PlyCount "85"]

1. d4 f5 2. Nc3 Nf6 3. e4 fxe4 4. Bg5 g6 5. h4 d5 6. h5 Bg7
7. h6 Bf8 8. f3 Qd6 9. Nge2 exf3 10. gxf3 Bf5 11. Qd2 a6
12. O-O-O Nc6 13. Nf4 O-O-O 14. Bh3 Qd7 15. Qe2 Bxh3 16. Rxh3
Qf5 17. Qe6+ Qxe6 18. Nxe6 Rd6 19. Re1 b6 20. Rh2 Nh5 21. f4
Ng3 22. Nxf8 Rxf8 23. Rxe7 Nxe7 24. Bxe7 Rfd8 25. Bxd6 Rxd6
26. Kd2 Re6 27. Ne2 Nf5 28. Rh3 Re4 29. c3 Kd7 30. Rf3 Ke6
31. Nc1 Kf6 32. Nd3 Nxh6 33. Nb4 c6 34. Nxc6 a5 35. a4 Ng4
36. b4 h5 37. bxa5 bxa5 38. Nxa5 Nh2 39. Rf2 Ng4 40. Rf3 Nh2
41. Rf2 Ng4 42. Rf1 Nh2 43. Rf2 1/2-1/2

[Event "Lisbon"]
[Site "Lisbon POR"]
[Date "2001.08.22"]
[EventDate "2001.08.21"]
[Round "2"]
[Result "0-1"]
[White "Karsten Larsen"]
[Black "Antoaneta Stefanova"]
[WhiteElo "2300"]
[BlackElo "2459"]
[PlyCount "56"]

1. e4 e5 2. Bc4 Nf6 3. d3 c6 4. Nf3 d5 5. Bb3 a5 6. a4 Bb4+
7. c3 Bd6 8. Nbd2 O-O 9. O-O Be6 10. Re1 Nbd7 11. Nf1 Nc5
12. Bc2 dxe4 13. dxe4 Qc7 14. Bg5 Be7 15. Ng3 h6 16. Be3 Rfd8
17. Qe2 Bf8 18. Rad1 Rxd1 19. Rxd1 b5 20. axb5 cxb5 21. Nd4
exd4 22. cxd4 Na4 23. d5 Bg4 24. f3 Bd7 25. Kh1 Nxb2 26. Rb1
Nc4 27. Bd4 Na3 28. Rc1 Rc8 0-1

[Event "Lisbon"]
[Site "Lisbon POR"]
[Date "2001.08.23"]
[EventDate "2001.08.21"]
[Round "3"]
[Result "1-0"]
[White "Antoaneta Stefanova"]
[Black "Margarida Coimbra"]
[WhiteElo "2459"]
[BlackElo "2111"]
[PlyCount "55"]

1. Nf3 d5 2. g3 Nf6 3. Bg2 c6 4. O-O Bf5 5. b3 e6 6. Bb2 Be7
7. d3 h6 8. Nbd2 O-O 9. Ne5 Nbd7 10. e4 Bh7 11. Nxd7 Qxd7
12. Qe2 a5 13. a3 Qc7 14. Kh1 a4 15. b4 c5 16. b5 Rac8 17. c4
dxc4 18. dxc4 e5 19. Nb1 Nd7 20. Nc3 Nb6 21. Nd1 Rcd8 22. Ne3
Bf6 23. Ng4 Nd7 24. f4 Rfe8 25. Rad1 Rc8 26. fxe5 Bg5 27. h4
Be7 28. Nxh6+ 1-0

[Event "Lisbon"]
[Site "Lisbon POR"]
[Date "2001.08.24"]
[EventDate "2001.08.21"]
[Round "4"]
[Result "0-1"]
[White "Hans-Joachim Wiese"]
[Black "Antoaneta Stefanova"]
[WhiteElo "2182"]
[BlackElo "2459"]
[PlyCount "72"]

1. e4 e5 2. Nf3 Nc6 3. Bb5 a6 4. Ba4 Nf6 5. O-O b5 6. Bb3 Bb7
7. d3 Bc5 8. Nc3 h6 9. Ne2 O-O 10. Ng3 d5 11. exd5 Nxd5
12. Nf5 Nf4 13. Bxf4 exf4 14. d4 Bb6 15. Qd3 Qf6 16. c3 Bc8
17. Bc2 g6 18. N5h4 Ne7 19. g3 Be6 20. b3 c5 21. Rae1 Bh3
22. Ng2 Rad8 23. gxf4 Bxg2 24. Kxg2 Nd5 25. Kh1 Nxf4 26. Qe4
cxd4 27. cxd4 Bxd4 28. a4 Bc3 29. Re3 b4 30. Rg1 Rfe8 31. Qc4
Kg7 32. Rg4 Nd5 33. Rd3 Ne3 34. fxe3 Qxf3+ 35. Kg1 Rxd3
36. Bxd3 Rxe3 0-1

[Event "Lisbon"]
[Site "Lisbon POR"]
[Date "2001.08.25"]
[EventDate "2001.08.21"]
[Round "5"]
[Result "0-1"]
[White "Antoaneta Stefanova"]
[Black "Vasilios Kotronias"]
[WhiteElo "2459"]
[BlackElo "2528"]
[PlyCount "80"]

1. d4 Nf6 2. Nf3 g6 3. g3 Bg7 4. Bg2 O-O 5. O-O d6 6. b3 c5
7. Bb2 cxd4 8. Nxd4 d5 9. Na3 e5 10. Nf3 e4 11. Nd4 h5 12. e3
h4 13. c4 hxg3 14. hxg3 Bg4 15. Qb1 Nbd7 16. cxd5 Nc5 17. Nab5
Qd7 18. Ba3 b6 19. Nc3 Rfe8 20. b4 Na4 21. Nxa4 Qxa4 22. Bc1
Nxd5 23. Bd2 Bxd4 24. exd4 Bf5 25. g4 Bxg4 26. Bxe4 Qd7 27. f3
Bf5 28. Bxf5 gxf5 29. Rf2 Re6 30. Rg2+ Rg6 31. Qd3 Re8 32. Kf2
Qe7 33. Rag1 Qh4+ 34. Kf1 Qh3 35. Kf2 Ree6 36. b5 Qh4+ 37. Kf1
Qh3 38. Kf2 Kg7 39. Rg3 Qh4 40. Bg5 Rxg5 0-1

[Event "Lisbon"]
[Site "Lisbon POR"]
[Date "2001.08.27"]
[EventDate "2001.08.21"]
[Round "7"]
[Result "0-1"]
[White "Antoaneta Stefanova"]
[Black "Azer Mirzoev"]
[WhiteElo "2459"]
[BlackElo "2516"]
[PlyCount "68"]

1. Nf3 Nf6 2. g3 c5 3. c4 g6 4. Nc3 Bg7 5. e4 O-O 6. Bg2 Nc6
7. O-O d6 8. h3 Ne8 9. d3 Nc7 10. Be3 Ne6 11. Qd2 Ned4 12. Nh2
Rb8 13. Bh6 b5 14. Bxg7 Kxg7 15. Nxb5 Nxb5 16. cxb5 Rxb5
17. e5 Nxe5 18. d4 Nd7 19. dxc5 Rxc5 20. b4 Rc7 21. Ng4 f5
22. Ne3 Nf6 23. Rfd1 Bb7 24. Bxb7 Rxb7 25. g4 fxg4 26. hxg4
Rb5 27. a4 Re5 28. f4 Re4 29. g5 Nh5 30. Qc3+ e5 31. fxe5
Qxg5+ 32. Ng2 Re2 33. exd6+ Kh6 34. Qh3 Rff2 0-1

[Event "Lisbon"]
[Site "Lisbon POR"]
[Date "2001.08.28"]
[EventDate "2001.08.21"]
[Round "8"]
[Result "0-1"]
[White "Jacobo Caselas Cabanas"]
[Black "Antoaneta Stefanova"]
[WhiteElo "2328"]
[BlackElo "2459"]
[PlyCount "80"]

1. Nf3 d5 2. c4 c6 3. e3 Nf6 4. Nc3 a6 5. d4 b5 6. cxd5 cxd5
7. Ne5 e6 8. Bd3 Bb7 9. Bd2 Nbd7 10. O-O Nxe5 11. dxe5 Nd7
12. f4 Nc5 13. Bc2 d4 14. exd4 Qxd4+ 15. Kh1 O-O-O 16. Be1 Nd3
17. Bxd3 Qxd3 18. Qxd3 Rxd3 19. Bh4 Rd2 20. Rf2 Rxf2 21. Bxf2
Be7 22. Rd1 g5 23. fxg5 Bxg5 24. Kg1 Bf4 25. Bg3 Be3+ 26. Bf2
Bf4 27. Bg3 Bxg3 28. hxg3 Rg8 29. Rd3 b4 30. Ne2 Bd5 31. b3 a5
32. Kf2 Be4 33. Rd4 Bb1 34. a3 bxa3 35. Ra4 a2 36. Nc1 Rd8
37. Ke2 Rd5 38. Nxa2 Rxe5+ 39. Kf2 Rc5 40. Kg1 Rc2 0-1

[Event "EuTChw"]
[Site "Leon ESP"]
[Date "2001.11.07"]
[EventDate "2001.11.06"]
[Round "2"]
[Result "1-0"]
[White "Antoaneta Stefanova"]
[Black "Elena Sedina"]
[WhiteElo "2473"]
[BlackElo "2398"]
[PlyCount "49"]

1. Nf3 d5 2. g3 Bg4 3. Bg2 Nd7 4. O-O c6 5. d3 e5 6. e4 dxe4
7. dxe4 Bc5 8. Nbd2 Ne7 9. h3 Bh5 10. Nc4 Qc7 11. Qe1 f6
12. b4 Bb6 13. a4 Bf7 14. Qc3 a5 15. Rd1 Bxc4 16. Qxc4 axb4
17. Qxb4 Ba5 18. Qb3 O-O-O 19. Be3 Ng6 20. Rab1 Rhe8 21. c3
Ngf8 22. Nd2 Ne6 23. Nc4 Ndc5 24. Qa3 Nd3 25. Bf1 1-0

[Event "EuTChw"]
[Site "Leon ESP"]
[Date "2001.11.08"]
[EventDate "2001.11.06"]
[Round "3"]
[Result "1/2-1/2"]
[White "Cristina-Adela Foisor"]
[Black "Antoaneta Stefanova"]
[WhiteElo "2444"]
[BlackElo "2473"]
[PlyCount "33"]

1. Nf3 d5 2. g3 c6 3. Bg2 Bg4 4. d3 Nf6 5. Nbd2 Nbd7 6. O-O e5
7. e4 Bd6 8. exd5 cxd5 9. c4 O-O 10. cxd5 Nxd5 11. Nc4 Bc7
12. Qb3 N5b6 13. Be3 Be6 14. Ng5 Nd5 15. Ne4 h6 16. a4 Kh8
17. a5 1/2-1/2

[Event "EuTChw"]
[Site "Leon ESP"]
[Date "2001.11.09"]
[EventDate "2001.11.06"]
[Round "4"]
[Result "1/2-1/2"]
[White "Ildiko Madl"]
[Black "Antoaneta Stefanova"]
[WhiteElo "2426"]
[BlackElo "2473"]
[PlyCount "60"]

1. e4 e5 2. Nf3 Nc6 3. Bb5 a6 4. Ba4 Nf6 5. O-O b5 6. Bb3 Bb7
7. c3 Nxe4 8. d4 Na5 9. Nxe5 Nxb3 10. axb3 Bd6 11. f3 Ng5
12. Be3 O-O 13. Qd2 f6 14. Nd3 Bd5 15. b4 c6 16. Bf4 Nf7
17. Bxd6 Nxd6 18. Qf4 Nb7 19. Nd2 a5 20. bxa5 Rxa5 21. b4 Rxa1
22. Rxa1 d6 23. h4 Bf7 24. Ne4 f5 25. Nef2 Qc8 26. Re1 c5
27. dxc5 dxc5 28. Re7 cxb4 29. cxb4 Re8 30. Rxe8+ Bxe8 1/2-1/2

[Event "EuTChw"]
[Site "Leon ESP"]
[Date "2001.11.10"]
[EventDate "2001.11.06"]
[Round "5"]
[Result "0-1"]
[White "Antoaneta Stefanova"]
[Black "Marie Sebag"]
[WhiteElo "2473"]
[BlackElo "2312"]
[PlyCount "94"]

1. d4 d5 2. c3 e6 3. Nf3 c5 4. Bf4 Bd6 5. Bg3 Nf6 6. e3 O-O
7. Nbd2 Nc6 8. Bb5 Ne7 9. Bd3 b6 10. Ne5 Bb7 11. Qb1 h6 12. f4
Nd7 13. Bh4 f6 14. Nxd7 Qxd7 15. O-O e5 16. fxe5 fxe5 17. dxe5
Bxe5 18. Nf3 Bc7 19. e4 c4 20. Bc2 Ng6 21. Bg3 Nf4 22. Qd1
Rad8 23. e5 d4 24. Bxf4 Rxf4 25. Nxd4 Qg4 26. Qxg4 Rxg4
27. Rf2 Bxe5 28. Ne6 Re8 29. Bf5 Rh4 30. h3 Be4 31. Bg4 Rxg4
32. hxg4 Rxe6 33. Re2 Bd3 34. Ree1 Kf7 35. a4 a5 36. Rad1 Bg3
37. Rxe6 Kxe6 38. Rd2 Kd5 39. b3 Be5 40. bxc4+ Kxc4 41. Kh1
Bxc3 42. Rf2 g5 43. Rf7 Kb4 44. Rd7 Bc2 45. Rd6 Bxa4 46. Rxb6+
Bb5 47. Rxh6 a4 0-1